| 000 | 00605nam a22002057a 4500 | ||
|---|---|---|---|
| 005 | 20251108174854.0 | ||
| 008 | 250721s9999 xx 000 0 ara d | ||
| 082 | 1 | 4 | _aط/211.6/راس |
| 100 | 1 | _aالراس، شريف | |
| 245 | 1 | 0 | _aوعظ / |
| 264 | 1 |
_aبيروت : _bدار الجليل، |
|
| 300 | _a31ص. | ||
| 490 | 0 |
_aكلمة من القرآن الكريم _v29 |
|
| 650 | 1 | 7 | _aالقرآن الكريم |
| 650 | 1 | 7 | _aبلاغة القرآن الكريم |
| 650 | 1 | 7 | _aالقصص العربية |
| 653 | _aناشئون صغار (10-14)سنة | ||
| 942 |
_2ddc _cBK |
||
| 999 |
_c120272 _d120272 |
||